[Event "Cappelle Open"]
[Site "Cappelle la Grande FRA"]
[Date "1993.??.??"]
[Round "7"]
[White "Crouch, Colin S"]
[Black "Karpatchev, Aleksandr"]
[Result "1-0"]
[WhiteElo "2415"]
[BlackElo "2505"]
[PlyCount "75"]
[EventDate "1993.02.??"]
[Source "www.chesslib.no"]
[SourceDate "2004.05.04"]

1. d4 Nc6 2. d5 Ne5 3. e4 e6 4. dxe6 fxe6 5. Nc3 b6 6. Nf3 Nf7 7. Bc4 Bb7 8. Qe2 a6 9. Bb3 Nf6 10. e5 Ng4 11. Bf4 Bc5 12. O-O-O Qe7 13. Nd4 Ngh6 14. Ne4 O-O 15. h4 a5 16. c3 a4 17. Bc2 a3 18. b3 Bxd4 19. Rxd4 Nf5 20. Qd3 Rad8 21. g4 d6 22. gxf5 exf5 23. Ng3 Nxe5 24. Bxe5 Bxh1 25. Bf4 Qe1+ 26. Bd1 Qxf2 27. Bd2 Bb7 28. Rf4 Qh2 29. Nxf5 Kh8 30. Bc2 Qg1+ 31. Rf1 Qg2 32. Rd1 Qf3 33. Ne3 g6 34. c4 d5 35. Qd4+ Kg8 36. Ng4 h5 37. Nh6+ Kh7 38. Bxg6+ 1-0

[Event "West Seattle"]
[Site "Seattle, WA USA"]
[Date "1990.??.??"]
[Round "?"]
[White "Orlov, Georgy"]
[Black "O'Donnell, Tom"]
[Result "1-0"]
[WhiteElo "2505"]
[BlackElo "2410"]
[PlyCount "61"]
[EventDate "1990.??.??"]
[Source "www.chesslib.no"]
[SourceDate "2004.05.04"]

1. d4 Nc6 2. c4 e5 3. d5 Nce7 4. Nf3 Ng6 5. Nc3 Bb4 6. Bd2 Nf6 7. a3 Bxc3 8. Bxc3 d6 9. Nd2 O-O 10. e4 Ne8 11. h4 f5 12. h5 Nh8 13. Qc2 Nf7 14. O-O-O Ng5 15. f4 exf4 16. h6 g6 17. e5 dxe5 18. Bxe5 Nf6 19. Bxf4 Nge4 20. Nxe4 fxe4 21. c5 Bg4 22. Bc4 Bxd1 23. Rxd1 Qd7 24. Qc3 Qf5 25. Rf1 Rae8 26. Be3 Qe5 27. d6+ Kh8 28. Qxe5 Rxe5 29. Rxf6 Rxf6 30. d7 Rf1+ 31. Kc2 1-0

[Event "Miedzybrodzie Open"]
[Site "Miedzybrodzie"]
[Date "1991.??.??"]
[Round "4"]
[White "Ionov, Sergey"]
[Black "Przewoznik, Jan"]
[Result "0-1"]
[WhiteElo "2515"]
[BlackElo "2395"]
[PlyCount "78"]
[EventDate "1991.??.??"]
[Source "www.chesslib.no"]
[SourceDate "2004.05.04"]

1. d4 Nc6 2. Nf3 d6 3. g3 Bg4 4. Bg2 e5 5. d5 Nce7 6. c4 c5 7. dxc6 Nxc6 8. Nc3 Nf6 9. O-O Be7 10. Bg5 O-O 11. Qd2 Qd7 12. Rfd1 Rfd8 13. Rac1 Rac8 14. b3 h6 15. Bxf6 Bxf6 16. Nd5 Qe6 17. Ne3 e4 18. Nxg4 Qxg4 19. h3 Qe6 20. Nh2 Bg5 21. e3 f5 22. h4 Bf6 23. h5 Ne7 24. Qa5 a6 25. Bf1 Kh7 26. Kg2 Be5 27. Be2 Rd7 28. Rc2 Ng8 29. Qd5 Qe8 30. Rdc1 Nf6 31. Qd1 Rcd8 32. Rd2 d5 33. cxd5 Nxd5 34. Nf1 Bc3 35. Rxd5 Rxd5 36. Qc2 Bb4 37. Qc7 R8d7 38. Qb6 Ba5 39. Qa7 Qd8 0-1

[Event "Paris Open"]
[Site "Paris FRA"]
[Date "1995.??.??"]
[Round "?"]
[White "Shipov, Sergei"]
[Black "Tiller, Bjorn"]
[Result "1-0"]
[WhiteElo "2510"]
[BlackElo "2395"]
[PlyCount "57"]
[EventDate "1995.04.??"]
[Source "www.chesslib.no"]
[SourceDate "2004.05.04"]

1. d4 Nc6 2. Nf3 e6 3. g3 f5 4. Bg2 Nf6 5. O-O d6 6. c4 e5 7. Nc3 Be7 8. d5 Nb8 9. Ng5 O-O 10. e4 f4 11. gxf4 exf4 12. Ne6 Bxe6 13. dxe6 c6 14. Ne2 g5 15. h4 h6 16. Nd4 Na6 17. Nf5 Kh7 18. Qf3 Rh8 19. Nxh6 Kxh6 20. hxg5+ Kg7 21. gxf6+ Bxf6 22. Bxf4 Rh7 23. Rad1 Qe7 24. Rxd6 Kh8 25. Rd7 Qxe6 26. Rxh7+ Kxh7 27. Qh5+ Kg7 28. Bh6+ Kg8 29. Qg6+ 1-0

[Event "New York Open"]
[Site "Newark, NJ USA"]
[Date "1995.??.??"]
[Round "?"]
[White "Henley, Ron W"]
[Black "Jounousov, Mouret"]
[Result "1/2-1/2"]
[WhiteElo "2480"]
[BlackElo "2425"]
[PlyCount "24"]
[EventDate "1995.04.12"]
[Source "www.chesslib.no"]
[SourceDate "2004.05.04"]

1. d4 Nc6 2. Bg5 d6 3. e4 Nf6 4. f3 e5 5. d5 Nb8 6. c4 Be7 7. Be3 a5 8. g3 Nbd7 9. Nc3 O-O 10. Bh3 Nc5 11. Bxc8 Qxc8 12. Qd2 Nfd7 1/2-1/2

[Event "Warsaw"]
[Site "Warsaw"]
[Date "1990.??.??"]
[Round "1"]
[White "Stempin, Pawel"]
[Black "Kuczynski, Robert"]
[Result "0-1"]
[WhiteElo "2445"]
[BlackElo "2460"]
[PlyCount "60"]
[EventDate "1990.01.??"]
[Source "ChessBase"]

1. d4 Nc6 2. c4 e5 3. d5 Nce7 4. Nc3 Ng6 5. g3 Bb4 6. Qb3 Qe7 7. a3 Ba5 8. Qc2 Bb6 9. h4 d6 10. Na4 h6 11. Nxb6 axb6 12. e4 Nf6 13. Bd2 Bd7 14. h5 Nf8 15. f3 N8h7 16. Ne2 O-O 17. Nc3 Ne8 18. O-O-O Ng5 19. Bg2 f5 20. f4 Nxe4 21. Nxe4 fxe4 22. Bxe4 Nf6 23. Rde1 Nxe4 24. Qxe4 Bf5 25. Qe2 Qd7 26. fxe5 Qa4 27. Bc3 Qb3 28. e6 Rxa3 29. Kd2 Qc2+ 30. Ke3 Rxc3+ 0-1

[Event "Corr"]
[Site "?"]
[Date "2002.07.01"]
[Round "?"]
[White "Mascarenhas Alberto Pinheiro "]
[Black "Miraglia Jorge (BRA)"]
[Result "0-1"]
[WhiteElo "2495"]
[BlackElo "2407"]
[PlyCount "52"]
[EventDate "2002.??.??"]
[Source "www.chesslib.no"]
[SourceDate "2004.05.04"]

1. d4 Nc6 2. Nf3 e6 3. c4 b6 4. a3 Ba6 5. Qa4 Bb7 6. Nc3 Bd6 7. Bg5 Be7 8. Bd2 Bd6 9. Qc2 Nge7 10. Nb5 O-O 11. e4 Ng6 12. Be3 Bf4 13. O-O-O a6 14. Nc3 Bxe3+ 15. fxe3 Na7 16. h4 Ne7 17. e5 Nf5 18. Qf2 b5 19. e4 Nh6 20. h5 bxc4 21. Bxc4 Nb5 22. Nxb5 axb5 23. Bxb5 Bxe4 24. Qh4 Qb8 25. Qxe4 Qxb5 26. d5 Nf5 0-1

[Event "JUG Ch"]
[Site "Novi Sad YUG"]
[Date "1985.??.??"]
[Round "?"]
[White "Barlov, Dragan"]
[Black "Nikolic, Zivoslav"]
[Result "1-0"]
[WhiteElo "2430"]
[BlackElo "2470"]
[PlyCount "127"]
[EventDate "1985.02.??"]
[Source "www.chesslib.no"]
[SourceDate "2004.05.04"]

1. d4 Nc6 2. c4 e5 3. d5 Nce7 4. Nc3 Ng6 5. g3 Bb4 6. Qc2 a5 7. a3 Be7 8. h4 d6 9. e4 h6 10. Bh3 Bxh3 11. Nxh3 Nf6 12. Be3 Nf8 13. O-O-O N8d7 14. f3 Nc5 15. Nf2 Nfd7 16. Kb1 Nb6 17. Nd3 Nxd3 18. Qxd3 Nd7 19. Nb5 Ra6 20. Rh2 a4 21. Qf1 O-O 22. Qh3 c6 23. dxc6 Rxc6 24. Rc2 Nc5 25. Bxc5 Rxc5 26. h5 f5 27. exf5 Qc8 28. g4 Rxc4 29. Rxc4 Qxc4 30. Qf1 Qxf1 31. Rxf1 d5 32. Rd1 Rd8 33. Nc3 d4 34. Ne4 Bg5 35. Kc2 Rc8+ 36. Kd3 Rc6 37. Rb1 Rb6 38. Nc5 Be7 39. Nxa4 Rb3+ 40. Ke4 b5 41. Nb6 Re3+ 42. Kd5 Bg5 43. Nd7 Rxf3 44. Nxe5 Rb3 45. Ke4 Kf8 46. Nd3 Bf6 47. Rc1 Ke7 48. Rc7+ Kd8 49. Rc2 Ke7 50. Rc6 Ke8 51. Rd6 Ke7 52. Ra6 Kf7 53. Re6 Kf8 54. Rb6 Ke7 55. Ra6 Kf7 56. Ra7+ Kg8 57. a4 bxa4 58. Rxa4 Kf7 59. Rb4 Rxb4 60. Nxb4 d3 61. Nxd3 Ke7 62. Kd5 Bg5 63. b4 Be3 64. Nc5 1-0

[Event "Sarajevo"]
[Site "Sarajevo"]
[Date "1988.??.??"]
[Round "?"]
[White "Popchev, Milko"]
[Black "Mestrovic, Zvonimir"]
[Result "1-0"]
[WhiteElo "2470"]
[BlackElo "2430"]
[PlyCount "49"]
[EventDate "1988.03.??"]
[Source "ChessBase"]

1. d4 Nc6 2. e4 d6 3. Nc3 Nf6 4. Nge2 e5 5. f3 Be7 6. Be3 O-O 7. Qd2 Na5 8. b3 exd4 9. Nxd4 c5 10. Nde2 b5 11. Nf4 b4 12. Ncd5 Nxd5 13. Nxd5 Bf6 14. Rd1 Be5 15. f4 Bb2 16. c4 bxc3 17. Nxc3 Bxc3 18. Qxc3 Bg4 19. Rd2 Qh4+ 20. g3 Qe7 21. Bg2 Nb7 22. O-O Rfe8 23. f5 f6 24. e5 Bh5 25. g4 1-0

[Event "Vrnjacka Banja"]
[Site "Vrnjacka Banja"]
[Date "1984.??.??"]
[Round "?"]
[White "Spassov, Liuben"]
[Black "Nikolic, Zivoslav"]
[Result "1/2-1/2"]
[WhiteElo "2475"]
[BlackElo "2420"]
[PlyCount "31"]
[EventDate "1984.04.??"]
[Source "ChessBase"]

1. d4 Nc6 2. c4 e5 3. d5 Nce7 4. e4 Ng6 5. Be3 Bb4+ 6. Nd2 Nf6 7. f3 Qe7 8. Nh3 Bc5 9. Qb3 d6 10. Bxc5 dxc5 11. Nf2 O-O 12. g3 Ne8 13. h4 b6 14. h5 Nh8 15. Qe3 Nd6 16. O-O-O 1/2-1/2

[Event "Ciocco ITA"]
[Site "Ciocco ITA"]
[Date "1978.??.??"]
[Round "?"]
[White "Tatai, Stefano"]
[Black "Mestrovic, Zvonimir"]
[Result "1-0"]
[WhiteElo "2455"]
[BlackElo "2435"]
[PlyCount "63"]
[EventDate "1978.??.??"]
[Source "www.chesslib.no"]
[SourceDate "2004.05.04"]

1. d4 Nc6 2. c4 d6 3. Nc3 e5 4. d5 Nce7 5. e4 Ng6 6. g3 Be7 7. h4 h5 8. Be2 Nf6 9. Nf3 Ng4 10. Nh2 Bxh4 11. Nxg4 hxg4 12. gxh4 Rxh4 13. Rxh4 Qxh4 14. Be3 Nf4 15. Kd2 Nh3 16. f3 gxf3 17. Bxf3 f5 18. exf5 Bxf5 19. Qe1 Qxc4 20. Qf1 Qh4 21. Bg2 Nf4 22. Bxf4 exf4 23. Re1+ Kf7 24. Be4 Bd7 25. Qg2 Qf6 26. Bg6+ Kf8 27. Qe4 Kg8 28. Rf1 Qg5 29. Bh7+ Kh8 30. Rh1 f3+ 31. Kd3 Re8 32. Qxf3 1-0

[Event "Tuzla"]
[Site "Tuzla"]
[Date "1981.??.??"]
[Round "2"]
[White "Farago, Ivan"]
[Black "Palos, Osman"]
[Result "1-0"]
[WhiteElo "2535"]
[BlackElo "2355"]
[PlyCount "45"]
[EventDate "1981.10.??"]
[Source "www.chesslib.no"]
[SourceDate "2004.05.04"]

1. d4 Nc6 2. c4 e5 3. d5 Nce7 4. Nc3 Ng6 5. g3 Bc5 6. a3 f5 7. h4 h5 8. Bh3 d6 9. Bg5 N8e7 10. e4 f4 11. Bf5 Bxf5 12. exf5 fxg3 13. fxg3 Nf8 14. Ne4 Qd7 15. f6 Ng8 16. Nf3 gxf6 17. Bxf6 Qf5 18. Qd3 Qh7 19. Bxh8 Qxh8 20. Nxc5 dxc5 21. Qf5 Nd7 22. Qg6+ Ke7 23. Qe6+ 1-0

[Event "Vrnjacka Banja"]
[Site "Vrnjacka Banja"]
[Date "1984.??.??"]
[Round "?"]
[White "Lechtynsky, Jiri"]
[Black "Nikolic, Zivoslav"]
[Result "0-1"]
[WhiteElo "2470"]
[BlackElo "2420"]
[PlyCount "126"]
[EventDate "1984.04.??"]
[Source "ChessBase"]

1. d4 Nc6 2. d5 Ne5 3. Nc3 f5 4. e4 fxe4 5. Bf4 Ng6 6. Bg3 Nf6 7. f3 e5 8. dxe6 Bb4 9. fxe4 Nxe4 10. Qf3 Bxc3+ 11. bxc3 Ng5 12. exd7+ Qxd7 13. Qe3+ Qe6 14. Qxe6+ Bxe6 15. Bd3 Bd5 16. h4 Ne6 17. Nf3 Ngf4 18. O-O O-O 19. Ng5 Nxd3 20. Nxe6 Bxe6 21. cxd3 c6 22. Rfe1 Bf5 23. Re3 Rae8 24. Rae1 Rxe3 25. Rxe3 Kf7 26. Rf3 g6 27. Bf2 h5 28. Bxa7 Ra8 29. Bc5 Rxa2 30. Re3 Rb2 31. Re7+ Kf6 32. Re3 Rb3 33. d4 Rb2 34. Be7+ Kf7 35. Bg5 Be6 36. Rf3+ Kg7 37. Bf6+ Kg8 38. Rf2 Rb1+ 39. Kh2 Rc1 40. Be5 Rxc3 41. Bd6 Bd5 42. Re2 b5 43. Re7 Rd3 44. Bc5 Rd2 45. Kg3 Rxg2+ 46. Kf4 Rg4+ 47. Ke5 g5 48. hxg5 Re4+ 49. Kf5 Rxe7 50. Bxe7 Kf7 51. Bf6 Be6+ 52. Ke5 Ba2 53. Kf5 Bb1+ 54. Ke5 Kg6 55. Kf4 b4 56. d5 cxd5 57. Kg3 Kf7 58. Kf4 Kg6 59. Kg3 Bf5 60. Be7 b3 61. Bf6 Bd7 62. Kh4 Kf5 63. Kxh5 Ke4 0-1

[Event "Zalakaros op 15th"]
[Site "?"]
[Date "1996.??.??"]
[Round "6"]
[White "Lukacs Peter"]
[Black "Tolnai Tibor"]
[Result "1/2-1/2"]
[WhiteElo "2440"]
[BlackElo "2450"]
[PlyCount "28"]
[EventDate "1996.??.??"]
[Source "www.chesslib.no"]
[SourceDate "2004.05.04"]

1. d4 Nc6 2. Nf3 d6 3. c4 e5 4. d5 Nce7 5. e4 f5 6. exf5 Nxf5 7. Nc3 Nf6 8. Bd3 g6 9. O-O Bg7 10. Bg5 O-O 11. Qd2 Bd7 12. Rfe1 b6 13. Rac1 a5 14. b3 Rf7 1/2-1/2

[Event "FIN-chT 9900"]
[Site "?"]
[Date "2000.??.??"]
[Round "7"]
[White "Veingold Aleksandr"]
[Black "Manninen Marko"]
[Result "1-0"]
[WhiteElo "2448"]
[BlackElo "2436"]
[PlyCount "23"]
[EventDate "2000.??.??"]
[Source "www.chesslib.no"]
[SourceDate "2004.05.04"]

1. d4 Nc6 2. d5 Ne5 3. e4 e6 4. dxe6 fxe6 5. Nc3 Ng6 6. Nf3 Bc5 7. h4 Qf6 8. Bg5 Qf7 9. Qd2 d6 10. h5 N6e7 11. Na4 Bb6 12. Bb5+ 1-0

[Event "Biel Open"]
[Site "Biel SUI"]
[Date "1989.??.??"]
[Round "11"]
[White "Barlov, Dragan"]
[Black "Fioramonti, Hung"]
[Result "1-0"]
[WhiteElo "2520"]
[BlackElo "2360"]
[PlyCount "51"]
[EventDate "1989.07.??"]
[Source "www.chesslib.no"]
[SourceDate "2004.05.04"]

1. d4 Nc6 2. c4 e5 3. d5 Nce7 4. e4 Nf6 5. f3 Ng6 6. Be3 Bb4+ 7. Nc3 O-O 8. Qd2 d6 9. g3 Bc5 10. Nh3 Ne8 11. Nf2 Ne7 12. Bxc5 dxc5 13. Nd3 Qd6 14. f4 exf4 15. gxf4 c6 16. Bg2 cxd5 17. cxd5 c4 18. Ne5 Qc5 19. Nf3 Bd7 20. a4 Nf6 21. Qd4 Qb4 22. O-O Rfe8 23. Ne5 b6 24. Qxc4 Qxb2 25. Ra2 Rac8 26. Rxb2 1-0

[Event "Zalakaros op 15th"]
[Site "?"]
[Date "1996.??.??"]
[Round "9"]
[White "Krizsany Laszlo"]
[Black "Tolnai Tibor"]
[Result "1/2-1/2"]
[WhiteElo "2430"]
[BlackElo "2450"]
[PlyCount "134"]
[EventDate "1996.??.??"]
[Source "www.chesslib.no"]
[SourceDate "2004.05.04"]

1. d4 Nc6 2. c4 e5 3. d5 Nce7 4. Nc3 Ng6 5. g3 Bc5 6. h4 h6 7. Bh3 Nf6 8. a3 a5 9. e4 d6 10. Qe2 Bd4 11. Nb5 Bxh3 12. Nxh3 c6 13. Nxd4 exd4 14. Bf4 O-O 15. O-O-O Re8 16. Rxd4 c5 17. Rd3 Rxe4 18. Re3 Rxe3 19. Bxe3 Qd7 20. Nf4 Ne5 21. Bd2 Qa4 22. Bc3 Re8 23. Bxe5 Rxe5 24. Qc2 Qe8 25. Rd1 b5 26. Kb1 bxc4 27. Qxc4 Re1 28. Qc2 Rxd1+ 29. Qxd1 g5 30. hxg5 hxg5 31. Nh5 Qe4+ 32. Ka1 Nxh5 33. Qxh5 Qxd5 34. f4 Qf5 35. fxg5 d5 36. Qe2 Qxg5 37. Qb5 d4 38. Qxa5 d3 39. Qc3 d2 40. Qd3 Qh6 41. Ka2 Qe6+ 42. b3 Qe1 43. Qd8+ Kh7 44. Qf6 Qe6 45. Qf3 Qd6 46. Qd1 Qd3 47. Kb2 Kg6 48. a4 Kf5 49. a5 Ke4 50. a6 Qxa6 51. Qxd2 Qf6+ 52. Ka2 Qf3 53. Qc2+ Kd5 54. Qc4+ Kd6 55. Ka3 Qd5 56. Qf4+ Ke6 57. Qg4+ f5 58. Qg7 Qa8+ 59. Kb2 Qg2+ 60. Kc3 Qf3+ 61. Kc2 Qe2+ 62. Kc3 Qe1+ 63. Kc2 Qe4+ 64. Kc3 Qb4+ 65. Kc2 Qe4+ 66. Kc3 Qe1+ 67. Kc2 Qe4+ 1/2-1/2

[Event "CRO-Cup"]
[Site "Pula CRO"]
[Date "1995.??.??"]
[Round "4"]
[White "Dizdarevic, Emir"]
[Black "Mestrovic, Zvonimir"]
[Result "1-0"]
[WhiteElo "2465"]
[BlackElo "2415"]
[PlyCount "85"]
[EventDate "1995.??.??"]
[Source "www.chesslib.no"]
[SourceDate "2004.05.04"]

1. d4 Nc6 2. Nf3 d6 3. c4 e5 4. g3 Bg4 5. Bg2 Be7 6. Nc3 Nf6 7. h3 Bd7 8. O-O O-O 9. e4 Re8 10. Be3 Qc8 11. Kh2 Bd8 12. Qc2 Nb4 13. Qd2 a5 14. Rad1 Bc6 15. d5 Bd7 16. Ne1 Nh5 17. b3 Bf6 18. a3 Na6 19. Nd3 g6 20. b4 b6 21. Rb1 Bg7 22. bxa5 bxa5 23. c5 dxc5 24. Nxc5 Bf8 25. Nxd7 Qxd7 26. Nb5 Reb8 27. Qxa5 Nf6 28. Na7 Qd6 29. Rxb8 Nxb8 30. Rc1 Ne8 31. a4 Nd7 32. Qb5 Nb6 33. a5 Nd7 34. Nc6 Qa3 35. Qb7 Rxa5 36. Nxa5 Qxa5 37. Qc8 Ndf6 38. Rc6 Bd6 39. Ra6 Qb5 40. Bh6 Qd7 41. Qxd7 Nxd7 42. Ra8 Ndf6 43. f4 1-0

[Event "Smederevska Palanka"]
[Site "Smederevska Palanka"]
[Date "1984.??.??"]
[Round "?"]
[White "Martinovic, Slobodan"]
[Black "Nikolic, Zivoslav"]
[Result "1-0"]
[WhiteElo "2460"]
[BlackElo "2420"]
[PlyCount "65"]
[EventDate "1984.05.??"]
[Source "www.chesslib.no"]
[SourceDate "2004.05.04"]

1. d4 Nc6 2. d5 Ne5 3. Nc3 f5 4. f4 Nf7 5. e4 fxe4 6. Nxe4 c6 7. Bc4 cxd5 8. Bxd5 e6 9. Bb3 Nf6 10. Qe2 Nxe4 11. Qxe4 Qh4+ 12. g3 Qf6 13. Nf3 Bc5 14. c3 Nd6 15. Qe2 Nf5 16. Bd2 Rb8 17. O-O-O h5 18. Rhe1 b5 19. Ng5 Be7 20. Qf2 Rb6 21. h3 Rc6 22. Kb1 a5 23. Re5 a4 24. Bc2 Nd6 25. Ne4 Nxe4 26. Bxe4 d5 27. Bd3 Ba6 28. Qe2 Kf7 29. f5 b4 30. Bxa6 Rxa6 31. Re1 Rd6 32. Qd3 Rhd8 33. Rxe6 1-0

[Event "SLO-ch team"]
[Site "?"]
[Date "1999.11.13"]
[Round "6"]
[White "Soln Primoz"]
[Black "Mestrovic Zvonimir"]
[Result "0-1"]
[WhiteElo "2411"]
[BlackElo "2466"]
[PlyCount "56"]
[EventDate "1999.??.??"]
[Source "www.chesslib.no"]
[SourceDate "2004.05.04"]

1. d4 Nc6 2. e4 d6 3. d5 Ne5 4. f4 Nd7 5. Nf3 c6 6. c4 Nc5 7. Nc3 Nf6 8. Qc2 g6 9. Be2 Bg7 10. O-O O-O 11. Kh1 cxd5 12. cxd5 Bd7 13. Be3 Rc8 14. Nd2 b5 15. Bxb5 Bxb5 16. Nxb5 Ncxe4 17. Nc4 Qd7 18. Nxa7 Rc7 19. Nc6 Qf5 20. Nd4 Qh5 21. Rf3 Ng4 22. h3 Qxd5 23. Rc1 Nxe3 24. Rxe3 Bxd4 25. Qxe4 Qxe4 26. Rxe4 Bg7 27. Rd1 f5 28. Red4 e5 0-1

[Event "Creon Open 4th"]
[Site "?"]
[Date "1999.??.??"]
[Round "?"]
[White "Grigore George-Gabriel"]
[Black "Brochet Philippe"]
[Result "1-0"]
[WhiteElo "2526"]
[BlackElo "2351"]
[PlyCount "105"]
[EventDate "1999.??.??"]
[Source "www.chesslib.no"]
[SourceDate "2004.05.04"]

1. d4 Nc6 2. c4 e5 3. d5 Bb4+ 4. Nd2 Nce7 5. a3 Bxd2+ 6. Bxd2 d6 7. e4 f5 8. exf5 Bxf5 9. Ne2 Nf6 10. Ng3 O-O 11. Be2 Qe8 12. O-O Ne4 13. Be3 Nxg3 14. hxg3 b6 15. g4 Bd7 16. Bd3 Ng6 17. Be4 Nf4 18. g3 Qe7 19. f3 Nh3+ 20. Kg2 Ng5 21. Bxg5 Qxg5 22. Qd3 g6 23. Rh1 a5 24. Rh4 Kg7 25. Rah1 Rh8 26. Qc3 h6 27. b3 Qf6 28. f4 g5 29. fxg5 Qxg5 30. Rh5 Qxg4 31. Qe3 Kf7 32. R5h4 Qg7 33. Rxh6 Rxh6 34. Rxh6 Rh8 35. Rg6 Qf8 36. Qg5 Ke8 37. Rf6 Qe7 38. Qg6+ Kd8 39. Rf7 Qe8 40. Qf6+ Kc8 41. Bh7 Qd8 42. Qg7 Re8 43. g4 Bxg4 44. Qxg4+ Kb8 45. Rg7 Rf8 46. Qd7 Qxd7 47. Rxd7 Rf4 48. Rd8+ Ka7 49. a4 e4 50. Rg8 Rh4 51. Bf5 Rf4 52. Bd7 e3 53. Re8 1-0

[Event "SLO Team Ch"]
[Site "Slovenia"]
[Date "1995.??.??"]
[Round "4"]
[White "Bukic, Enver"]
[Black "Mohr, Georg"]
[Result "1/2-1/2"]
[WhiteElo "2445"]
[BlackElo "2430"]
[PlyCount "20"]
[EventDate "1995.??.??"]
[Source "www.chesslib.no"]
[SourceDate "2004.05.04"]

1. d4 Nc6 2. Bg5 d5 3. e3 f6 4. Bh4 e5 5. dxe5 Nxe5 6. Nf3 Nxf3+ 7. Qxf3 Nh6 8. Bd3 Bg4 9. Qf4 Bd6 10. Qd4 c6 1/2-1/2

[Event "TCh-BIH"]
[Site "Jahorina"]
[Date "2003.06.25"]
[Round "7"]
[White "Scekic, Milos"]
[Black "Mestrovic, Zvonimir"]
[Result "1-0"]
[WhiteElo "2435"]
[BlackElo "2436"]
[PlyCount "53"]
[EventDate "2003.06.21"]
[Source "Roberto Alvarez"]
[SourceDate "2003.07.07"]

1. d4 Nc6 2. Nf3 d6 3. d5 Ne5 4. Nxe5 dxe5 5. e4 a6 6. Nc3 Nf6 7. f4 Qd6 8. fxe5 Qxe5 9. Qf3 Qd6 10. Bf4 e5 11. dxe6 Qxe6 12. Bxc7 Qc6 13. Be5 Be7 14. Bd3 Be6 15. h3 Qb6 16. Ne2 Rc8 17. Bd4 Bc5 18. Bxc5 Rxc5 19. b3 O-O 20. Qe3 Re8 21. O-O Bd5 22. b4 Qxb4 23. Rab1 Qa3 24. Rxf6 Rxe4 25. Rd6 Rc8 26. Qb6 Bc6 27. Rxc6 1-0

[Event "Krasnodar"]
[Site "Krasnodar"]
[Date "1991.??.??"]
[Round "?"]
[White "Shestoperov, Aleksej"]
[Black "Bus, Mariusz"]
[Result "1/2-1/2"]
[WhiteElo "2450"]
[BlackElo "2420"]
[PlyCount "77"]
[EventDate "1991.??.??"]
[Source "ChessBase"]

1. d4 Nc6 2. d5 Ne5 3. e4 e6 4. Nf3 Nxf3+ 5. Qxf3 Qf6 6. Be2 Bc5 7. Nc3 Qxf3 8. Bxf3 e5 9. O-O a6 10. Bd2 d6 11. a4 f5 12. exf5 Bxf5 13. Ne4 Bxe4 14. Bxe4 Nf6 15. Bf3 O-O 16. b4 Ba7 17. c4 Bd4 18. Ra3 b6 19. a5 Rfb8 20. g4 h6 21. h4 e4 22. Be2 Nd7 23. Rd1 bxa5 24. Rxa5 Rf8 25. Be3 Bc3 26. Rb1 Rfb8 27. Ra4 Nc5 28. Bxc5 dxc5 29. b5 axb5 30. Rxa8 Rxa8 31. Rxb5 Bd4 32. Kg2 Ra2 33. Kf1 Kf7 34. Rb7 Be5 35. Rb5 Bd6 36. Rb3 Bf4 37. Rb5 Bd6 38. Rb3 Bf4 39. Rb5 1/2-1/2

[Event "Sarajevo"]
[Site "Sarajevo"]
[Date "1988.??.??"]
[Round "?"]
[White "Gunawan, Ronny"]
[Black "Mestrovic, Zvonimir"]
[Result "1-0"]
[WhiteElo "2440"]
[BlackElo "2430"]
[PlyCount "51"]
[EventDate "1988.03.??"]
[Source "ChessBase"]

1. d4 Nc6 2. c4 d6 3. d5 Ne5 4. Nc3 Nf6 5. e4 e6 6. f4 Ng6 7. Nf3 Be7 8. Bd3 O-O 9. O-O exd5 10. cxd5 c6 11. dxc6 bxc6 12. f5 Ne5 13. Nxe5 dxe5 14. Be3 Rb8 15. Qe2 Qa5 16. Kh1 Rd8 17. Bc4 Bc5 18. Bg5 Rd6 19. Bxf6 Rxf6 20. g4 h6 21. h4 Rd6 22. g5 Qc7 23. Rad1 Rd4 24. gxh6 Qd8 25. Qh5 Rb7 26. hxg7 1-0

[Event "CRO-chT2"]
[Site "Tucepi"]
[Date "1996.??.??"]
[Round "?"]
[White "Berebora, Ferenc"]
[Black "Mestrovic, Zvonimir"]
[Result "0-1"]
[WhiteElo "2395"]
[BlackElo "2470"]
[PlyCount "75"]
[EventDate "1996.??.??"]
[Source "www.chesslib.no"]
[SourceDate "2004.05.04"]

1. d4 Nc6 2. d5 Ne5 3. e4 e6 4. Nc3 Bc5 5. dxe6 dxe6 6. Qxd8+ Kxd8 7. Bf4 Ng6 8. Bg3 N8e7 9. Nf3 f6 10. O-O-O+ Bd7 11. Na4 Bb6 12. Nxb6 axb6 13. Bc4 Nf8 14. Nd4 Kc8 15. f4 Nc6 16. Kb1 Nxd4 17. Rxd4 b5 18. Be2 Bc6 19. Rhd1 b6 20. Rd8+ Kb7 21. Rxa8 Kxa8 22. Bd3 Kb7 23. Bf2 Ng6 24. g3 e5 25. f5 Ne7 26. Be1 Nc8 27. Bb4 Rd8 28. Kc1 Be8 29. c4 c5 30. Be1 bxc4 31. Bxc4 Rxd1+ 32. Kxd1 Bc6 33. Bd5 Bxd5 34. exd5 Ne7 35. g4 Nxd5 36. Ke2 Kc6 37. Kd3 b5 38. a3 0-1

[Event "SLO-chT"]
[Site "Ljubljana"]
[Date "1997.??.??"]
[Round "?"]
[White "Jelen, Igor"]
[Black "Mestrovic, Zvonimir"]
[Result "1-0"]
[WhiteElo "2435"]
[BlackElo "2430"]
[PlyCount "63"]
[EventDate "1997.07.??"]
[Source "ChessBase"]
[SourceDate "1998.03.09"]

1. d4 Nc6 2. e4 d6 3. d5 Ne5 4. f4 Ng6 5. c4 Nf6 6. Nc3 c6 7. Nf3 Bg4 8. h3 Bxf3 9. Qxf3 e5 10. f5 Ne7 11. Be2 Nc8 12. g4 Be7 13. g5 Nd7 14. h4 Ncb6 15. Bd2 Rc8 16. b3 a5 17. O-O a4 18. Kh1 Ra8 19. dxc6 bxc6 20. b4 Qc8 21. h5 h6 22. f6 gxf6 23. g6 Rg8 24. Bxh6 fxg6 25. hxg6 Rxg6 26. Qh5 Kf7 27. Rg1 Qg8 28. Bg4 Qh7 29. Be6+ Kxe6 30. Rxg6 Rh8 31. Qg4+ Kf7 32. Rg7+ 1-0

[Event "SLO-chT"]
[Site "Bled"]
[Date "1996.??.??"]
[Round "3"]
[White "Jelen, Igor"]
[Black "Mestrovic, Zvonimir"]
[Result "1-0"]
[WhiteElo "2415"]
[BlackElo "2445"]
[PlyCount "73"]
[EventDate "1996.??.??"]
[Source "ChessBase"]

1. d4 Nc6 2. c4 e5 3. d5 Nce7 4. e4 Ng6 5. Nc3 Bc5 6. Bd3 Nf6 7. h3 O-O 8. Nge2 Nh5 9. g3 Qf6 10. Rh2 d6 11. Na4 Bb4+ 12. Nec3 Nhf4 13. gxf4 exf4 14. a3 Ba5 15. b4 Bb6 16. Bb2 Bd4 17. Qc2 f3 18. Rh1 Qg5 19. Nb5 Bxb2 20. Nxb2 Nf4 21. Qd2 Bxh3 22. O-O-O Bg2 23. Rhe1 a5 24. Nxc7 Rac8 25. Nb5 axb4 26. axb4 Nxd3+ 27. Nxd3 Rxc4+ 28. Kb2 Qe7 29. Qf4 Rd8 30. Rc1 Rxc1 31. Rxc1 h5 32. Rc7 Qf6+ 33. Qxf6 gxf6 34. Rxb7 h4 35. Nf4 f5 36. exf5 Kg7 37. Ne6+ 1-0

[Event "Swidnica op rap"]
[Site "?"]
[Date "1998.??.??"]
[Round "?"]
[White "Kempinski Robert"]
[Black "Eschenko Vadim"]
[Result "1-0"]
[WhiteElo "2520"]
[BlackElo "2335"]
[PlyCount "81"]
[EventDate "1998.??.??"]
[Source "www.chesslib.no"]
[SourceDate "2004.05.04"]

1. d4 Nc6 2. c4 e5 3. d5 Nce7 4. Nc3 Ng6 5. Nf3 Nf6 6. h4 e4 7. Ng5 Bb4 8. h5 Ne5 9. Qd4 d6 10. Ngxe4 h6 11. a3 Bxc3+ 12. Nxc3 Bg4 13. f3 Bxh5 14. g4 Qe7 15. Kd1 Bg6 16. g5 Nh5 17. gxh6 Ng3 18. Rg1 Nf5 19. hxg7 Nxg7 20. Bg5 f6 21. Bd2 Kf7 22. Qf2 Nf5 23. b3 c5 24. dxc6 bxc6 25. f4 Nd7 26. Qg2 Rhg8 27. Qxc6 Nb6 28. Nd5 Qe4 29. Rc1 Rad8 30. Bg2 Qd4 31. Rh1 Bh5 32. Rxh5 Rxg2 33. Rxf5 Rg1+ 34. Kc2 Rxc1+ 35. Kxc1 Qa1+ 36. Kc2 Qa2+ 37. Kc3 Qa1+ 38. Kb4 Rb8 39. Qc7+ Nd7+ 40. Ka4 Ke6 41. Rxf6+ 1-0